| 000 | 00883nas a2200277 4500 | ||
|---|---|---|---|
| 001 | BR2011004450 | ||
| 003 | BR-BrBNA | ||
| 005 | 20231205115519.0 | ||
| 007 | ta | ||
| 008 | 230509b bl.|||p| |||| 00| 00por d | ||
| 040 |
_aBR-BrBNA _bpor _cBiblioteca Nacional de Agricultura |
||
| 041 | _a(Pt) | ||
| 072 | _aL73 | ||
| 100 | 1 | _aBelettini, S.T. | |
| 100 | 1 | _aSilva R.P.B. da | |
| 100 | 1 | _aPachaly, J.R. | |
| 245 | 1 | _aSìndrome da resposta inflamatória sistêmica (SRIS)e sua relação com estresse e níveis séricos de lactato - Revisão | |
| 650 | _aDOENÇA ANIMAL | ||
| 650 | _aINFLAMAÇÃO | ||
| 650 | _aSTRESS | ||
| 650 | _aANIMAL DOMÉSTICO | ||
| 650 | _aDISTÚRBIO FISIOLÓGICO | ||
| 773 | 0 |
_tA Hora Veterinária (Brazil) _xISSN 0101-9163 _g(Jan-Feb 2010), v. 29(173) p. 18-22 _wBR2011004450 |
|
| 909 |
_a202311 _bLúcia _c55 _dLúcia Elande |
||
| 942 |
_2AGRIS _n0 _cANA |
||
| 999 |
_c214187 _d214187 |
||